[Event "First Saturday 2011 aprilis IM"]
[Site "Budapest"]
[Date "2011.04.11"]
[Round "10"]
[White "Hirneise, Tobias"]
[Black "Battey, Alexander"]
[Result "1/2-1/2"]
[WhiteElo "2431"]
[BlackElo "2260"]
[PlyCount "103"]
[EventDate "2011.04.02"]

1. e4 c6 2. d4 d5 3. e5 Bf5 4. Nd2 e6 5. Nb3 Nd7 6. Nf3 Ne7 7. Be2 Nc8 8. O-O
Be7 9. a4 a6 10. a5 Na7 11. Be3 O-O 12. c4 dxc4 13. Bxc4 Nb5 14. Qe2 Nc7 15.
Ne1 Nd5 16. Nd3 f6 17. exf6 Bxf6 18. Bd2 Re8 19. Ne5 Qc7 20. Rfe1 Rad8 21. Rac1
Qd6 22. g4 Bg6 23. Nxg6 hxg6 24. g5 Be7 25. Qxe6+ Qxe6 26. Rxe6 Nf8 27. Re4 Bd6
28. Rxe8 Rxe8 29. Nc5 Bxc5 30. dxc5 Ne6 31. Bxd5 cxd5 32. Be3 d4 33. Bd2 Nd8
34. Kf1 Nc6 35. Rb1 Ne5 36. b4 Nc4 37. Rd1 Rf8 38. Bc1 Rd8 39. Ke2 Ne5 40. f4
d3+ 41. Kd2 Nc6 42. Kc3 Rd4 43. Ba3 Rxf4 44. Rxd3 Ne5 45. Rd8+ Kf7 46. Bb2 Rxb4
47. Kxb4 Nc6+ 48. Kc4 Nxd8 49. Kd5 Nc6 50. Kd6 Nxa5 51. Kc7 Ke6 52. Bxg7
1/2-1/2

[Event "First Saturday 2011 aprilis IM"]
[Site "Budapest"]
[Date "2011.04.11"]
[Round "10"]
[White "Papp, Petra"]
[Black "Tran, Tuan Minh"]
[Result "0-1"]
[WhiteElo "2230"]
[BlackElo "2295"]
[PlyCount "116"]
[EventDate "2011.04.02"]

1. e4 e6 2. d4 d5 3. Nc3 Bb4 4. e5 c5 5. a3 Bxc3+ 6. bxc3 Qc7 7. Qg4 f5 8. Qg3
Nc6 9. Nf3 cxd4 10. cxd4 Nge7 11. Bd2 O-O 12. Bd3 Bd7 13. O-O Be8 14. Ng5 Qd7
15. Qe3 Bg6 16. Nh3 Bf7 17. Rab1 b6 18. Ba6 f4 19. Qc3 f3 20. gxf3 Nf5 21. Bb5
Nfxd4 22. Bxc6 Nxc6 23. f4 Rac8 24. Qe3 Bg6 25. Rbc1 Bf5 26. Ng5 h6 27. Nf3 Be4
28. Ne1 Ne7 29. f3 Bh7 30. Bb4 Nf5 31. Qf2 Rf7 32. Ng2 Rc4 33. Rfd1 Qc6 34. Kh1
Rc7 35. Bd2 Qa4 36. c3 Qxa3 37. Ne3 Nxe3 38. Qxe3 Bf5 39. Rg1 Qb2 40. Rcf1 d4
41. cxd4 Qxd4 42. Rc1 Qxe3 43. Bxe3 Rc3 44. Rgd1 Bc2 45. Re1 b5 46. Ra1 b4 47.
Rxa7 Rxa7 48. Bxa7 Rxf3 49. Bd4 Rxf4 50. Ba1 Rg4 51. h4 b3 52. Kh2 Rxh4+ 53.
Kg3 Ra4 54. Bc3 Ra2 55. Ra1 b2 56. Bxb2 Rxb2 57. Ra7 Kh7 58. Kh4 Bf5 0-1

[Event "First Saturday 2011 aprilis IM"]
[Site "Budapest"]
[Date "2011.04.12"]
[Round "11"]
[White "Tran, Tuan Minh"]
[Black "Brustkern, Juergen"]
[Result "1-0"]
[WhiteElo "2295"]
[BlackElo "2275"]
[PlyCount "91"]
[EventDate "2011.04.02"]

1. d4 Nf6 2. Nf3 g6 3. Nc3 d6 4. e4 Bg7 5. Be3 c6 6. Qd2 b5 7. Bd3 Qa5 8. h3 a6
9. O-O Nbd7 10. e5 Nd5 11. e6 Nf8 12. exf7+ Kxf7 13. Ng5+ Ke8 14. Be4 b4 15.
Nxd5 cxd5 16. Bd3 Qb6 17. a3 bxa3 18. Rxa3 h6 19. Nf3 Bf5 20. Rb3 Qc6 21. Ra1
Kf7 22. Rba3 Bxd3 23. Qxd3 Qc4 24. Qxc4 dxc4 25. Rxa6 Rb8 26. R1a2 Nd7 27. Ra7
Nb6 28. Bf4 Ke6 29. c3 g5 30. Bg3 Bf6 31. Nd2 Rhc8 32. Ra1 Kd5 33. Nf1 Ke4 34.
Re1+ Kf5 35. Ne3+ Kg6 36. Ng4 Ra8 37. Rea1 Rxa7 38. Rxa7 Rb8 39. Ne3 h5 40. Bh2
Nc8 41. Ra2 Nb6 42. g4 hxg4 43. hxg4 Rb7 44. Kg2 Kf7 45. Ra5 e6 46. Bxd6 1-0

[Event "First Saturday 2011 aprilis IM"]
[Site "Budapest"]
[Date "2011.04.12"]
[Round "11"]
[White "Battey, Alexander"]
[Black "Papp, Petra"]
[Result "1/2-1/2"]
[WhiteElo "2260"]
[BlackElo "2230"]
[PlyCount "55"]
[EventDate "2011.04.02"]

1. d4 d5 2. Nf3 Nf6 3. c4 c6 4. e3 e6 5. b3 Nbd7 6. Bb2 Ne4 7. Nbd2 f5 8. Bd3
Bd6 9. Qc1 Qe7 10. a4 O-O 11. O-O Ndf6 12. Ne5 Bb4 13. Nxe4 fxe4 14. Be2 Bd7
15. Ba3 Be8 16. a5 Bxa3 17. Qxa3 Qxa3 18. Rxa3 a6 19. f4 exf3 20. gxf3 Nd7 21.
Nxd7 Bxd7 22. f4 Rf6 23. Bd3 Be8 24. Ra2 Bg6 25. Bxg6 Rxg6+ 26. Rg2 Kf7 27.
Rxg6 Kxg6 28. Kf2 1/2-1/2

[Event "First Saturday 2011 aprilis IM"]
[Site "Budapest"]
[Date "2011.04.12"]
[Round "11"]
[White "Lengyel, Bela"]
[Black "Hirneise, Tobias"]
[Result "0-1"]
[WhiteElo "2296"]
[BlackElo "2431"]
[PlyCount "78"]
[EventDate "2011.04.02"]

1. e4 c5 2. Nf3 Nc6 3. d4 cxd4 4. Nxd4 Nf6 5. Nc3 d6 6. Bg5 e6 7. Bb5 Bd7 8.
O-O Be7 9. Nb3 a6 10. Be2 Qc7 11. f4 h6 12. Bh4 Nxe4 13. Nxe4 Bxh4 14. Nxd6+
Ke7 15. Ne4 Rhd8 16. Bd3 Kf8 17. Qh5 Be7 18. Ng5 Be8 19. Kh1 Kg8 20. Rae1 Rxd3
21. cxd3 hxg5 22. fxg5 Qd8 23. g6 fxg6 24. Qh3 Bf6 25. Nc5 Nd4 26. Ne4 Nf5 27.
b3 Rc8 28. Rc1 Rxc1 29. Rxc1 Bc6 30. Qf3 Qa5 31. Qe2 Qd5 32. Re1 Nd4 33. Qf2
Qf5 34. Nxf6+ Qxf6 35. Qg3 Nf5 36. Qb8+ Kh7 37. Qf4 Bxg2+ 38. Kxg2 Nh4+ 39. Kg3
Qxf4+ 0-1

[Event "First Saturday 2011 aprilis IM"]
[Site "Budapest"]
[Date "2011.04.12"]
[Round "11"]
[White "Nagy, Ervin dr"]
[Black "Lamorelle, Julien"]
[Result "1/2-1/2"]
[WhiteElo "2261"]
[BlackElo "2342"]
[PlyCount "121"]
[EventDate "2011.04.02"]

1. Nf3 d5 2. e3 Nf6 3. b3 Bg4 4. Be2 Nbd7 5. Bb2 e6 6. c4 c6 7. O-O Bd6 8. cxd5
cxd5 9. Nd4 Bxe2 10. Qxe2 O-O 11. f4 a6 12. Nc3 Nc5 13. Nd1 Rc8 14. Nf3 Nfd7
15. d3 f6 16. Nf2 e5 17. fxe5 fxe5 18. e4 d4 19. Rfc1 Be7 20. Ba3 Bg5 21. Nxg5
Qxg5 22. Re1 Rc6 23. Nh3 Qh4 24. Rf1 Rcf6 25. Rxf6 Rxf6 26. Rf1 Rxf1+ 27. Kxf1
Qd8 28. Qc2 Ne6 29. Qc4 Qf6+ 30. Ke1 Nb6 31. Qb4 Nd8 32. Qe7 Qxe7 33. Bxe7 Nc6
34. Bd6 Nc8 35. Ba3 b5 36. Bc5 b4 37. Kd2 a5 38. Ng5 Nb8 39. a3 Na6 40. axb4
axb4 41. Bxd4 exd4 42. Ne6 Ne7 43. Nxd4 Nc5 44. Ke3 Kf7 45. Nc2 Nc6 46. d4 Nxb3
47. d5 Nba5 48. dxc6 Nxc6 49. Na1 Na5 50. Kd3 Ke6 51. Nc2 b3 52. Nd4+ Ke5 53.
Nf3+ Kf4 54. e5 Kf5 55. e6 Kxe6 56. Ng5+ Kf5 57. Nxh7 Nc4 58. Kc3 b2 59. Kc2 g6
60. h4 Kg4 61. Nf8 1/2-1/2

[Event "First Saturday 2011 aprilis IM"]
[Site "Budapest"]
[Date "2011.04.12"]
[Round "11"]
[White "Kantor, Gergely"]
[Black "Oparin, Grigoriy"]
[Result "1/2-1/2"]
[WhiteElo "2147"]
[BlackElo "2345"]
[PlyCount "30"]
[EventDate "2011.04.02"]

1. d4 d5 2. c4 e6 3. Nc3 Be7 4. cxd5 exd5 5. Bf4 Nf6 6. e3 Bf5 7. Qb3 Nc6 8.
Qxb7 Nb4 9. Bb5+ Kf8 10. Rc1 a6 11. Be2 Ne8 12. a3 Rb8 13. Qa7 Ra8 14. Qb7 Rb8
15. Qa7 Ra8 1/2-1/2

[Event "First Saturday 2011 aprilis IM"]
[Site "Budapest"]
[Date "2011.04.12"]
[Round "11"]
[White "To, Nhat Minh"]
[Black "Csonka, Balazs"]
[Result "1/2-1/2"]
[WhiteElo "2345"]
[BlackElo "2188"]
[PlyCount "27"]
[EventDate "2011.04.02"]

1. Nf3 d5 2. d4 Nf6 3. a3 c6 4. Bf4 Bf5 5. e3 e6 6. Bd3 Bxd3 7. Qxd3 Bd6 8.
Bxd6 Qxd6 9. O-O Nbd7 10. Nbd2 O-O 11. e4 dxe4 12. Nxe4 Nxe4 13. Qxe4 Nf6 14.
Qe2 1/2-1/2